Introducción a la antropología jurídica / (Record no. 23839)
[ view plain ]
| 000 -CABECERA | |
|---|---|
| campo de control de longitud fija | 00862nam a2200229 a 4500 |
| 001 - NÚMERO DE CONTROL | |
| campo de control | 000024346 |
| 005 - FECHA Y HORA DE LA ÚLTIMA TRANSACCIÓN | |
| campo de control | 20200930022930.0 |
| 008 - DATOS DE LONGITUD FIJA--INFORMACIÓN GENERAL | |
| campo de control de longitud fija | 110126s2000 pe r 000 0 spa d |
| 020 ## - NÚMERO INTERNACIONAL ESTÁNDAR DEL LIBRO | |
| Número Internacional Estándar del Libro | 9972450988 |
| 040 ## - FUENTE DE LA CATALOGACIÓN | |
| Centro catalogador/agencia de origen | DO-SdBNP |
| Lengua de catalogación | spa |
| Centro/agencia transcriptor | BNPHU |
| 082 ## - NÚMERO DE LA CLASIFICACIÓN DECIMAL DEWEY | |
| Número de clasificación | xxxxx |
| Número de documento/Ítem | S586i |
| 049 ## - FONDOS LOCALES (OCLC) | |
| Fondos de biblioteca | BNGR |
| 100 1# - ENTRADA PRINCIPAL--NOMBRE DE PERSONA | |
| Nombre de persona | Silva Santisteban, Fernando |
| 9 (RLIN) | 49931 |
| 245 10 - MENCIÓN DE TÍTULO | |
| Título | Introducción a la antropología jurídica / |
| Mención de responsabilidad, etc. | Fernando Silva Santisteban. |
| 260 ## - PUBLICACIÓN, DISTRIBUCIÓN, ETC. | |
| Lugar de publicación, distribución, etc. | Lima, Perú : |
| Nombre del editor, distribuidor, etc. | Universidad de Lima : |
| -- | Fondo de Cultura Económica, |
| Fecha de publicación, distribución, etc. | 2000. |
| 300 ## - DESCRIPCIÓN FÍSICA | |
| Extensión | 384 p. ; |
| Dimensiones | 23.5 cm. |
| 490 1# - MENCIÓN DE SERIE | |
| Mención de serie | Biblioteca universidad de lima |
| 500 ## - NOTA GENERAL | |
| Nota general | Incluye bibliografía p. [311-327]. |
| 500 ## - NOTA GENERAL | |
| Nota general | Incluye referencia biográfica del autor en la solapa de la cubierta. |
| 504 ## - NOTA DE BIBLIOGRAFÍA, ETC. | |
| Nota de bibliografía, etc. | Incluye referencias bibliográficas y notas al pie de las páginas. |
| 830 #0 - PUNTO DE ACCESO ADICIONAL DE SERIE-TÍTULO UNIFORME | |
| Título uniforme | Biblioteca universidad de lima |
| 9 (RLIN) | 33896 |
| Estado de retiro | Estado de pérdida | Restricciones de uso | No para préstamo | Código de colección | Localización permanente | Ubicación/localización actual | Ubicación en estantería | Fecha de adquisición | Número de inventario | Total de préstamos | Signatura topográfica completa | Código de barras | Fecha visto por última vez | Precio válido a partir de | Tipo de ítem Koha |
|---|---|---|---|---|---|---|---|---|---|---|---|---|---|---|---|
| Monografías: Libros y Folletos | General | General | En catalogación | 26.01.2011 | LF1 | xxxxx S586i | 24346-10 | 25.06.2020 | 25.06.2020 | Préstamo en sala |
